| 000 | 00661nam a22001577a 4500 | ||
|---|---|---|---|
| 020 | _a978-0-00-854114-9 | ||
| 082 |
_a823 _bCOL/S |
||
| 100 | _aCOLLINS, BRIDGET | ||
| 245 | _aTHE SILENCE FACTORY | ||
| 246 |
_aTHE SILENCE FACTORY _bTHE SILENCE FACTORY |
||
| 260 |
_aU K _bHARPER COLLINS _c2024 |
||
| 300 | _a380 | ||
| 520 | _aThis is a gothic suspense about a powerful family, the magical and dangerous silk their fortune is built on and the exploitative history they are desperately trying to hide. Decades later we have Henry, an audiologist who visits Sir Edward's home, tasked with curing his daughter's deafness. | ||
| 650 | _aENGLISH FICTION | ||
| 942 | _cBK | ||
| 999 |
_c8741 _d8741 |
||